000 00471nam a2200181Ia 4500
001 11311
005 20260306162818.0
008 260306t1957||||xx |||||||||||||| ||spa||
041 _aESP
082 _a985.03
_bL539B
100 _aLewin, Boleslao
_eAUT
245 0 _aLa rebelión de Túpac Amaru y los orígenes de la emancipación americana
260 _c1957
300 _a1023 páginas :
_c20 cm.
650 _aGEN
654 _aCHU
942 _cLIB
_dJUS
_fJUS
_2ddc
_n
999 _c11311
_d11311